Capitales del Caucaso - Estadísticas

Estadísticas generales
  • Esta prueba ha sido intentada 79 veces
  • La puntuación promedio es 3 de 5
Respuestas en el mapa
Las respuestas están codificadas por una escala verde-roja en el mapa de la prueba según el % correcto abajo.
 
Estadísticas de respuestas
Países Capital % Correcto
Azerbaiyán Bakú
100%
Armenia Ereván
95%
Georgia Tiflis
95%
Abjasia Sujumi
31%
Osetia del Sur Tsjinvali
27%
No se encontraron pruebas coincidentes
Distribución de puntuación
Porcentaje de gente con cada puntuación
Porcentaje por número respondido
Historial de tus puntuaciones
No has intentado esta prueba.